Statistics for My Name, Please

Click here to take the quiz!

General Stats

  • This quiz has been taken 15 times
  • The average score is 5 of 15

Answer Stats

Answer% Correct
Vincent van Gogh
100%
Claude Monet
82%
Auguste Rodin
55%
Berthe Morisot
45%
Eugène Delacroix
36%
Georges Seurat
36%
Henri de Toulouse-Lautrec
36%
Paul Gauguin
36%
Antonio Canova
27%
Camille Claudel
27%
Caspar David Friedrich
18%
Frederic Leighton
9%
Giovanni Segantini
9%
William Holman Hunt
9%
Adolph Menzel
0%

Score Distribution

Percentile by Number Answered

Percent of People with Each Score

Your Score History

You have not taken this quiz